| 000 | 01397mam a2200313 a 4500 | ||
|---|---|---|---|
| 001 | 3139770 | ||
| 003 | ZXMKLWDFBA | ||
| 005 | 20220326193255.0 | ||
| 008 | 011015s2001 ag a 000 0 spa d | ||
| 020 | _a9501265226 | ||
| 035 | _a(OCoLC)49320249 | ||
| 035 | _a(OCoLC)ocm49320249 | ||
| 035 | _a(NNC)3139770 | ||
| 040 |
_a*U@S* _c*U@S* _dCU _dCStRLIN _dNNC |
||
| 082 |
_a709.982 _bG537v |
||
| 100 | 1 |
_aGiunta, Andrea. _9943 |
|
| 245 | 1 | 0 |
_aVanguardia, internacionalismo y política : _barte argentino en los a~nos sesenta / _cAndrea Giunta. |
| 260 |
_aBuenos Aires : _bPaidós, _c2001. |
||
| 300 |
_a412 p. : _bil. ; _c23 cm. |
||
| 490 | 1 |
_aEspacios del saber ; _v22 |
|
| 504 | _aIncluye referencias bibliográficas (p. 385-404) e índice. | ||
| 505 | 0 | _aArte moderno en los márgenes del peronismo -- Proclamas y programas durante la Libertadora -- La escena del arte "nuevo" -- La vanguardia como problema --El descentramiento del paradigma modernista -- Estrategias de internacionalización -- Aporías del internacionalismo -- La vanguardia entre el arte y la política. | |
| 650 | 0 |
_aArt _xPolitical aspects. _9201 |
|
| 650 | 0 |
_aarte argentino _xarte-politica _xestetica-arte-historia _ys. XX _91002 |
|
| 650 | 0 |
_aArt and society _zArgentina _y20th century. _91003 |
|
| 651 | 0 |
_aArgentina _xIntellectual life _y20th century. _91004 |
|
| 830 | 0 |
_aEspacios del saber ; _v22. _91005 |
|
| 999 |
_c216 _d216 |
||